[Event "ESP-chT Rapid"]
[Site "Toledo"]
[Date "2022.09.25"]
[Round "7"]
[White "Sanchez Carayol, Jesus Carlos"]
[Black "Neagu, Roberto Florin"]
[Result "1-0"]
[WhiteElo "2117"]
[BlackElo "2236"]
[PlyCount "89"]
[EventDate "2022.09.24"]
[EventType "team-swiss (rapid)"]
[EventRounds "9"]
[EventCountry "ESP"]
[SourceTitle "CBM 210 Extra"]
[Source "ChessBase"]
[SourceDate "2022.11.30"]
[SourceVersion "1"]
[SourceVersionDate "2022.11.30"]
[SourceQuality "1"]
[WhiteTeam "San Juan"]
[BlackTeam "Diagonal Alcorcon"]
[WhiteTeamCountry "ESP"]
[BlackTeamCountry "ESP"]

1. e4 c5 2. Nf3 Nc6 3. d4 cxd4 4. c3 d5 5. exd5 Qxd5 6. cxd4 e6 7. Nc3 Bb4 8. Be2 Nf6 9. 0-0 Qd6 10. Nb5 Qb8 11. Bg5 a6 12. Bxf6 gxf6 13. Nc3 Qd6 14. Ne4 Qf4 15. Bd3 Be7 16. Bc2 Nb4 17. Re1 Nxc2 18. Qxc2 f5 19. Ng3 0-0 20. Rad1 Bf6 21. Nh5 Qh6 22. Nxf6+ Qxf6 23. d5 exd5 24. Rxd5 Be6 25. Rc5 Rac8 26. b4 Rxc5 27. bxc5 Rc8 28. Ne5 Qe7 29. Rc1 Kf8 30. a3 Qg5 31. Nf3 Qf4 32. Qc3 Kg8 33. Nd4 Rd8 34. Nxe6 fxe6 35. g3 Qd4 36. Qb3 Qd5 37. Qb2 Kf7 38. Qb6 Rc8 39. a4 h5 40. h4 f4 41. Qb4 fxg3 42. fxg3 Ke7 43. c6+ Ke8 44. Rf1 Rxc6 45. Qf8+ 1-0

[Event "Paz de Ziganda op 27th"]
[Site "Villava"]
[Date "2017.03.18"]
[Round "3"]
[White "Sanchez Carayol, Jesus Carlos"]
[Black "Gascon del Nogal, Jose Rafael"]
[Result "0-1"]
[WhiteElo "2105"]
[BlackElo "2484"]
[PlyCount "76"]
[EventDate "2017.03.18"]
[EventType "swiss (rapid)"]
[EventRounds "9"]
[EventCountry "ESP"]
[SourceTitle "CBM 177 Extra"]
[Source "ChessBase"]
[SourceDate "2017.04.27"]
[SourceVersion "1"]
[SourceVersionDate "2017.04.27"]
[SourceQuality "1"]

1. e4 c5 2. Nf3 d6 3. d4 Nf6 4. Nc3 cxd4 5. Nxd4 a6 6. Be2 e5 7. Nf3 h6 8. h3 Be7 9. 0-0 0-0 10. a4 Nc6 11. Be3 Nb4 12. a5 Bd7 13. Bb6 Qc8 14. Re1 Ne8 15. Bd3 f5 16. Qe2 Nxd3 17. cxd3 Bc6 18. Rac1 Qe6 19. d4 fxe4 20. Nxe4 Nf6 21. Nc3 e4 22. Rcd1 d5 23. Ne5 Bd6 24. f4 Nd7 25. Nxd7 Qxd7 26. Bc5 Rxf4 27. Bxd6 Qxd6 28. Rf1 Raf8 29. Rxf4 Rxf4 30. Rf1 Rxf1+ 31. Qxf1 Qb4 32. Qf2 Qxa5 33. Qf5 Qd8 34. Qe6+ Kh8 35. b4 Qf6 36. Qc8+ Kh7 37. Kh1 Qxd4 38. Qf5+ g6 0-1

[Event "Navarra-chT"]
[Site "Navarra"]
[Date "2016.11.05"]
[Round "5.4"]
[White "Munoz Arana, Miguel Angel"]
[Black "Sanchez Carayol, Jesus Carlos"]
[Result "1-0"]
[WhiteElo "2067"]
[BlackElo "2114"]
[PlyCount "101"]
[EventDate "2016.10.08"]
[EventType "team-tourn"]
[EventRounds "7"]
[EventCountry "ESP"]
[SourceTitle "CBM 175 Extra"]
[Source "ChessBase"]
[SourceDate "2016.12.12"]
[SourceVersion "1"]
[SourceVersionDate "2016.12.12"]
[SourceQuality "1"]
[WhiteTeam "Oberena"]
[BlackTeam "San Juan"]
[WhiteTeamCountry "ESP"]
[BlackTeamCountry "ESP"]

1. e4 e5 2. Nf3 Nc6 3. Bb5 a6 4. Bxc6 dxc6 5. 0-0 f6 6. d4 exd4 7. Nxd4 c5 8. Nb3 Qxd1 9. Rxd1 Bd7 10. Bf4 0-0-0 11. Nc3 c4 12. Na5 Bb4 13. Bxc7 Re8 14. Nd5 Rxe4 15. Nxb4 Kxc7 16. f3 Rh4 17. g3 Rh5 18. Nxc4 Ne7 19. Rd2 a5 20. Nd3 Bc6 21. Nf4 Rb5 22. Kf2 g5 23. Ne6+ Kb8 24. Nd4 Rc5 25. b3 Bd5 26. Nb6 Rd8 27. Rad1 Bf7 28. c4 Rd6 29. Na4 Re5 30. Nb5 Rxd2+ 31. Rxd2 Nc6 32. Nb6 Be8 33. Nd7+ Bxd7 34. Rxd7 Re7 35. Rd6 Rf7 36. Re6 Kc8 37. a3 Kd7 38. Rd6+ Ke7 39. c5 h5 40. Nc3 Kf8 41. Nd5 Kg7 42. b4 Ne5 43. Ne3 Rc7 44. f4 gxf4 45. gxf4 Ng6 46. Nf5+ Kf7 47. Kf3 Nf8 48. Rb6 Kg6 49. Nd6 Ne6 50. f5+ Kg5 51. fxe6 1-0

[Event "Navarra-chTA"]
[Site "Pamplona"]
[Date "2015.10.17"]
[Round "2.4"]
[White "Sanchez Carayol, Jesus Carlos"]
[Black "Yaben Munoz, Javier"]
[Result "1-0"]
[WhiteElo "2129"]
[BlackElo "2024"]
[PlyCount "85"]
[EventDate "2015.10.10"]
[EventType "team-tourn"]
[EventRounds "7"]
[EventCountry "ESP"]
[SourceTitle "CBM 169 Extra"]
[Source "ChessBase"]
[SourceDate "2015.12.18"]
[SourceVersion "1"]
[SourceVersionDate "2015.12.18"]
[SourceQuality "1"]
[WhiteTeam "San Juan"]
[BlackTeam "Oberena"]
[WhiteTeamCountry "ESP"]
[BlackTeamCountry "ESP"]

1. e4 c5 2. Nf3 e6 3. d4 cxd4 4. c3 Nf6 5. e5 Nd5 6. cxd4 d6 7. a3 Nc6 8. Bd3 dxe5 9. dxe5 Qc7 10. 0-0 Be7 11. Re1 Bd7 12. Be4 Rd8 13. Qc2 Nxe5 14. Qxc7 Nxf3+ 15. Bxf3 Nxc7 16. Bxb7 Rb8 17. Bf3 g5 18. Nc3 0-0 19. Ne4 g4 20. Bd1 Nd5 21. Bh6 Rfc8 22. b4 f5 23. Nc5 Bxc5 24. bxc5 Rxc5 25. h3 gxh3 26. gxh3 Kf7 27. Bh5+ Kf6 28. h4 Rg8+ 29. Bg5+ Rxg5+ 30. hxg5+ Kxg5 31. Bf3 Nf4 32. Rec1 Rxc1+ 33. Rxc1 Bb5 34. Rc7 a6 35. Rxh7 e5 36. Rg7+ Kf6 37. Rh7 e4 38. Bg2 Ne2+ 39. Kh2 Ke5 40. Bf1 f4 41. Rh5+ Kd4 42. Rxb5 axb5 43. Bxe2 1-0

[Event "Valencia Autonomico Sur-A"]
[Site "Valencia"]
[Date "2009.01.10"]
[Round "1.1"]
[White "Sanchez Corujo, Jose Ignacio"]
[Black "Sanchez Carayol, Jesus Carlos"]
[Result "1-0"]
[WhiteElo "2283"]
[BlackElo "2076"]
[PlyCount "63"]
[EventDate "2009.01.10"]
[EventType "team-tourn"]
[EventRounds "5"]
[EventCountry "ESP"]
[SourceTitle "EXT 2011"]
[Source "ChessBase"]
[SourceDate "2010.11.26"]
[SourceVersion "1"]
[SourceVersionDate "2010.11.26"]
[SourceQuality "1"]

1. e4 e5 2. Nf3 Nc6 3. Bb5 a6 4. Ba4 Nf6 5. 0-0 b5 6. Bb3 Be7 7. Re1 0-0 8. h3 d5 9. exd5 Nxd5 10. Nxe5 Nxe5 11. Rxe5 Nf6 12. d3 Bd6 13. Re1 Ng4 14. Nc3 Bh2+ 15. Kf1 Nxf2 16. Qf3 Nh1 17. g4 Bg3 18. Re2 Bxg4 19. Qxg4 Bd6 20. Ne4 a5 21. a3 a4 22. Ba2 Ra6 23. Qf3 Ng3+ 24. Nxg3 Bxg3 25. Qxg3 Rg6 26. Qh2 Re8 27. Rf2 Re7 28. Bd2 Kh8 29. Re1 Rxe1+ 30. Bxe1 f6 31. Re2 h6 32. Bf7 1-0